[Event "URU-ch sf"]
[Site "Montevideo"]
[Date "2019.03.05"]
[Round "8"]
[White "Garcia Martinez, Alvaro"]
[Black "Soto, Nicolas"]
[Result "1-0"]
[WhiteElo "1993"]
[BlackElo "1997"]
[PlyCount "70"]
[EventDate "2019.03.01"]
[EventType "swiss"]
[EventRounds "8"]
[EventCountry "URU"]
[SourceTitle "CBM 189 Extra"]
[Source "ChessBase"]
[SourceDate "2019.06.03"]
[SourceVersion "1"]
[SourceVersionDate "2019.06.03"]
[SourceQuality "1"]

1. d4 d5 2. c4 c6 3. Nf3 Nf6 4. Nc3 dxc4 5. a4 Bf5 6. Ne5 Nbd7 7. Nxc4 Nb6 8. Ne5 a5 9. f3 Nfd7 10. Nxd7 Nxd7 11. e4 Bg6 12. Qb3 Qc7 13. Be3 e6 14. Rc1 Bb4 15. Kf2 Qd6 16. Na2 0-0 17. Nxb4 axb4 18. Rc4 Rxa4 19. Qxa4 Nb6 20. Qxb4 Nxc4 21. Qxc4 Ra8 22. Bd3 Qd8 23. Rd1 Qh4+ 24. Kg1 Ra5 25. Bf2 Qf4 26. d5 exd5 27. exd5 Qd6 28. dxc6 bxc6 29. Be2 Qe7 30. Qxc6 h6 31. Bc4 Re5 32. Qd6 Qxd6 33. Rxd6 Ra5 34. Bd4 Kf8 35. b4 Kg8 1-0

[Event "URU-ch sf"]
[Site "Montevideo"]
[Date "2019.03.03"]
[Round "5"]
[White "Granara Barreto, Sebastian A"]
[Black "Garcia Martinez, Alvaro"]
[Result "1-0"]
[WhiteElo "2115"]
[BlackElo "1993"]
[PlyCount "56"]
[EventDate "2019.03.01"]
[EventType "swiss"]
[EventRounds "8"]
[EventCountry "URU"]
[SourceTitle "CBM 189 Extra"]
[Source "ChessBase"]
[SourceDate "2019.06.03"]
[SourceVersion "1"]
[SourceVersionDate "2019.06.03"]
[SourceQuality "1"]

1. e4 e6 2. d4 d5 3. e5 b6 4. Nf3 c5 5. c3 Qd7 6. Be2 Ba6 7. 0-0 Bxe2 8. Qxe2 Nc6 9. Be3 Rc8 10. Nbd2 cxd4 11. cxd4 Nb4 12. a3 Nc2 13. Rac1 Nxe3 14. fxe3 Rxc1 15. Rxc1 Ne7 16. e4 Nc6 17. Qb5 Ne7 18. a4 Qxb5 19. axb5 Kd7 20. Ra1 Nc8 21. exd5 exd5 22. Nf1 h6 23. Ne3 Ke6 24. Rc1 Ne7 25. Rc7 g6 26. Ne1 Bg7 27. Nd3 g5 28. Rxa7 Rd8 1-0